Riešenie cyperského problému - nekonečný príbeh
Konsolidácia vzťahov na ostrove po rozdelení. Séria rokovaní s podporou OSN. Rozhovory na zbližovanie. Rozhovory tvárou v tvár. Nová štruktúra partnerstva. "Annanov plán" podľa mena vtedajšieho generálneho tajomníka OSN (Kofi Annan). Rokovania Christofias – Talat: 2008-2010. Nová éra: Christofias –...
Saved in:
| Main Author: | |
|---|---|
| Format: | Book Chapter |
| Language: | Slovak |
| Subjects: | |
| Tags: |
No Tags, Be the first to tag this record!
|
MARC
| LEADER | 00000nla a2200000 4500 | ||
|---|---|---|---|
| 001 | 0230340 | ||
| 005 | 20240417075117.5 | ||
| 041 | 0 | |a slo | |
| 044 | |a SK | ||
| 245 | 1 | 0 | |a Riešenie cyperského problému - nekonečný príbeh |c Ivan Majchút |
| 520 | |a Konsolidácia vzťahov na ostrove po rozdelení. Séria rokovaní s podporou OSN. Rozhovory na zbližovanie. Rozhovory tvárou v tvár. Nová štruktúra partnerstva. "Annanov plán" podľa mena vtedajšieho generálneho tajomníka OSN (Kofi Annan). Rokovania Christofias – Talat: 2008-2010. Nová éra: Christofias – Eroglu. Voľby 2013: Anastasiadesova vláda a nové rozhovory. Súčasnosť a blízka budúcnosť. | ||
| 610 | 2 | 0 | |a štát |
| 610 | 2 | 0 | |a národ |
| 610 | 2 | 0 | |a politika |
| 610 | 2 | 0 | |a vláda |
| 610 | 2 | 0 | |a prezidenti |
| 610 | 2 | 0 | |a vyjednávanie |
| 610 | 2 | 0 | |a vzťahy medzinárodné |
| 610 | 2 | 0 | |a organizácie medzinárodné |
| 610 | 2 | 0 | |a diplomacia |
| 610 | 2 | 0 | |a Cyprus |
| 100 | 1 | |a Majchút, Ivan | |